000
00253nam a2200097Ia 4500
001
1250409
005
20251031150855.0
008
251031s9999 xx 000 0 und d
245
0
_c
YELDA KIRÇUVAL
_a
E-4 İNSANI İNSAN ACITIR
260
_b
DESTEK YAYINLARI
999
_c
1250409
_d
1250409